Sreenarayanadarsanavum Manavamunnettavum: Malayalam Study (Record no. 38799)

MARC details
000 -LEADER
fixed length control field 00446nam a2200145Ia 4500
008 - FIXED-LENGTH DATA ELEMENTS--GENERAL INFORMATION
fixed length control field 211109s9999||||xx |||||||||||||| ||und||
082 ## - DEWEY DECIMAL CLASSIFICATION NUMBER
Classification number 894.81207
Item number VIV-S
100 ## - MAIN ENTRY--PERSONAL NAME
Personal name Vivekanandan, K
245 #0 - TITLE STATEMENT
Title Sreenarayanadarsanavum Manavamunnettavum: Malayalam Study
260 ## - PUBLICATION, DISTRIBUTION, ETC.
Name of publisher, distributor, etc. NATIONAL BOOKSTALL
Place of publication, distribution, etc. Kottayam
Date of publication, distribution, etc. 1986
300 ## - PHYSICAL DESCRIPTION
Extent 295p
630 ## - SUBJECT ADDED ENTRY--UNIFORM TITLE
General subdivision GENERAL STACK
650 ## - SUBJECT ADDED ENTRY--TOPICAL TERM
Topical term or geographic name entry element Literature
942 ## - ADDED ENTRY ELEMENTS (KOHA)
Koha item type BOOK
650 ## - SUBJECT ADDED ENTRY--TOPICAL TERM
Form subdivision Malayalam Study
General subdivision StudyLiterature StudyMalayalam
Holdings
Withdrawn status Lost status Damaged status Not for loan Home library Current library Date acquired Cost, normal purchase price Total Checkouts Full call number Barcode Shelving location Date last seen Price effective from Koha item type
        SB LIBRARY SB LIBRARY 09/11/2021 30.00   894.81207 VIV-S 00080328 GENERAL STACK 09/11/2021 09/11/2021 BOOK

Powered by Koha